| 000 | 00600nam a2200181 i 4500 | ||
|---|---|---|---|
| 001 | 74854 | ||
| 003 | ES-MaACL | ||
| 007 | t| | ||
| 008 | 040921s1968 fr ||||1| fre d | ||
| 100 | 1 |
_aGranet, Marcel. _959630 |
|
| 245 | 1 | 3 |
_aLa civilisation chinoise _b: la vie publique et la vie privée / _cpar Marcel Granet. |
| 260 |
_aParis : _bAlbin Michel, _c[1968] ( _eSaint Amand : _fBussière) |
||
| 300 |
_a505 p. : _bil. ; _c18 cm. |
||
| 490 | 1 |
_aL'évolution de l'humanité ; _v2 |
|
| 830 | 0 |
_aL'évolution de l'humanité ; _v2 _9181507 |
|
| 852 |
_aES-MaACL _jE-5457 _bR.89810 |
||
| 999 |
_c74854 _d74854 |
||